[Event "Wch-Senior 65+"]
[Site "Bucharest ROM"]
[Date "2019.11.13"]
[Round "2.58"]
[White "El Gheiadi, Ibrahim"]
[Black "Piasetski, Leon"]
[Result "0-1"]
[WhiteElo "1815"]
[BlackElo "2246"]
[PlyCount "110"]
[GameId "2130307600905830"]
[EventDate "2019.11.12"]
[EventType "swiss"]
[EventRounds "11"]
[EventCountry "ROU"]
[SourceTitle "10 Days #598"]
[Source "ChessMix"]
[SourceDate "2019.12.01"]
[SourceVersion "1"]
[SourceVersionDate "2019.12.01"]
[SourceQuality "1"]

1. e4 c5 2. Nf3 e6 3. d4 cxd4 4. Nxd4 a6 5. Nc3 Qc7 6. Be3 Nf6 7. f3 b5 8. Qd2 b4 9. Na4 d5 10. e5 Nfd7 11. f4 Nc5 12. Nxc5 Bxc5 13. Nb3 Be7 14. Qf2 Nd7 15. Bd3 O-O 16. O-O a5 17. Kh1 Ba6 18. Nd4 Nc5 19. Rad1 Rfc8 20. Qg3 Ne4 21. Qh3 Bc5 22. Nb3 Bxe3 23. Qxe3 a4 24. Nd4 a3 25. bxa3 bxa3 26. Rf3 Qb6 27. Rdf1 Rab8 28. h3 Rc3 29. f5 exf5 30. Rxf5 Qg6 31. R5f3 Rb2 32. Nf5 Qe6 33. Qa7 Bxd3 34. cxd3 Ng5 35. Ne7+ Kf8 36. Rg3 Qxe7 37. Qa8+ Qe8 38. Qxe8+ Kxe8 39. Rxg5 Rxa2 40. Rxg7 Rb2 41. Rg8+ Ke7 42. Ra8 a2 43. Ra7+ Ke6 44. Ra6+ Kxe5 45. d4+ Ke4 46. Re1+ Kxd4 47. Ra4+ Rc4 48. Rd1+ Kc3 49. Ra3+ Kc2 50. Rf1 d4 51. Kh2 d3 52. Ra1 d2 53. R3xa2 Rxa2 54. Rxa2+ Kd3 55. Ra3+ Rc3 0-1

[Event "Wch-Senior 65+"]
[Site "Bucharest ROM"]
[Date "2019.11.14"]
[Round "3.34"]
[White "Piasetski, Leon"]
[Black "Bauner, Jan"]
[Result "1/2-1/2"]
[WhiteElo "2246"]
[BlackElo "1989"]
[PlyCount "73"]
[GameId "2130307600905874"]
[EventDate "2019.11.12"]
[EventType "swiss"]
[EventRounds "11"]
[EventCountry "ROU"]
[SourceTitle "10 Days #598"]
[Source "ChessMix"]
[SourceDate "2019.12.01"]
[SourceVersion "1"]
[SourceVersionDate "2019.12.01"]
[SourceQuality "1"]

1. c4 Nf6 2. Nf3 c6 3. Nc3 g6 4. e4 d6 5. d4 Bg7 6. Be2 O-O 7. O-O Qc7 8. Re1 e5 9. d5 h6 10. Nd2 a5 11. Nf1 Nbd7 12. Ng3 Nc5 13. f4 cxd5 14. fxe5 Ncxe4 15. Ngxe4 Nxe4 16. Nxd5 Qd8 17. Bf3 Ng5 18. exd6 Nxf3+ 19. gxf3 Be6 20. Bf4 Qh4 21. Re4 Rad8 22. Qd2 Qh5 23. Ne7+ Kh7 24. Qf2 Rd7 25. Rae1 Bf6 26. b3 Bh4 27. Bg3 Bxg3 28. hxg3 Rxd6 29. Re5 Qh3 30. Rxa5 Rfd8 31. Rae5 Rd2 32. R5e2 Rxe2 33. Rxe2 (33. Qxe2 Rd7 34. Nd5 Bxd5 35. cxd5 Rxd5) 33... Rd7 34. Nd5 Bxd5 35. cxd5 Rxd5 36. Re7 Rd1+ 37. Re1 1/2-1/2

[Event "Wch-Senior 65+"]
[Site "Bucharest ROM"]
[Date "2019.11.15"]
[Round "4.40"]
[White "Carlsten, Peter"]
[Black "Piasetski, Leon"]
[Result "1-0"]
[WhiteElo "2000"]
[BlackElo "2246"]
[PlyCount "92"]
[GameId "2130307600910042"]
[EventDate "2019.11.12"]
[EventType "swiss"]
[EventRounds "11"]
[EventCountry "ROU"]
[SourceTitle "10 Days #598"]
[Source "ChessMix"]
[SourceDate "2019.12.01"]
[SourceVersion "1"]
[SourceVersionDate "2019.12.01"]
[SourceQuality "1"]

1. e4 c5 2. Nf3 e6 3. d4 cxd4 4. Nxd4 a6 5. Bd3 Nf6 6. O-O d6 7. c4 Bd7 8. Nc3 Nc6 9. Nxc6 Bxc6 10. Qe2 Be7 11. Be3 O-O 12. Rfd1 Qb8 13. a4 a5 14. f3 b6 15. Nb5 Nd7 16. Bc2 Nc5 17. Bf4 Bxb5 18. axb5 Rd8 19. Qe3 Qc7 20. b3 h6 21. Bg3 Rac8 22. Rd2 e5 23. f4 exf4 24. Bxf4 Ne6 25. Rd5 Nxf4 26. Qxf4 Bf6 27. Ra2 Qe7 28. Bd3 Be5 29. Qg4 g6 30. Rf2 h5 31. Qd1 Rc5 32. Rf3 Qg5 33. h3 Rxd5 34. exd5 Re8 35. Bf1 f5 36. Kh1 Re7 37. Qd3 Qf6 38. Re3 h4 39. Re1 Kf7 40. Qe3 Bg3 41. Qxe7+ Qxe7 42. Rxe7+ Kxe7 43. Bd3 Kf6 44. Kg1 Ke5 45. Kf1 Kd4 46. Ke2 Kc3 1-0

[Event "Wch-Senior 65+"]
[Site "Bucharest ROM"]
[Date "2019.11.16"]
[Round "5.26"]
[White "Piasetski, Leon"]
[Black "Levi, Eddy"]
[Result "0-1"]
[WhiteElo "2246"]
[BlackElo "2080"]
[PlyCount "58"]
[GameId "2130307600914180"]
[EventDate "2019.11.12"]
[EventType "swiss"]
[EventRounds "11"]
[EventCountry "ROU"]
[SourceTitle "10 Days #598"]
[Source "ChessMix"]
[SourceDate "2019.12.01"]
[SourceVersion "1"]
[SourceVersionDate "2019.12.01"]
[SourceQuality "1"]

1. Nf3 Nc6 2. d4 d5 3. Bf4 Nf6 4. h3 Bf5 5. e3 e6 6. Bb5 Bd6 7. Ne5 Bxe5 8. dxe5 Nd7 9. Nc3 Ne7 10. Bh2 c6 11. Bd3 Bxd3 12. Qxd3 Ng6 13. f4 Qh4+ 14. Kd2 O-O-O 15. Raf1 d4 16. exd4 Ndxe5 17. Qe2 Rxd4+ 18. Kc1 Nc4 19. Qf2 Qf6 20. Rd1 Rhd8 21. Rxd4 Rxd4 22. Rd1 Rxd1+ 23. Nxd1 Qd8 24. f5 Qg5+ 25. Kb1 Nd2+ 26. Ka1 Nf1 27. Ne3 Nxe3 28. fxg6 Nd1 29. Bf4 Qf6 0-1

[Event "Wch-Senior 65+"]
[Site "Bucharest ROM"]
[Date "2019.11.18"]
[Round "6.43"]
[White "Ciuro Munoz, Ricardo"]
[Black "Piasetski, Leon"]
[Result "1/2-1/2"]
[WhiteElo "1989"]
[BlackElo "2246"]
[PlyCount "123"]
[GameId "2130307600918350"]
[EventDate "2019.11.12"]
[EventType "swiss"]
[EventRounds "11"]
[EventCountry "ROU"]
[SourceTitle "10 Days #598"]
[Source "ChessMix"]
[SourceDate "2019.12.01"]
[SourceVersion "1"]
[SourceVersionDate "2019.12.01"]
[SourceQuality "1"]

1. e4 d5 2. exd5 Qxd5 3. Nc3 Qd8 4. d4 Nf6 5. h3 a6 6. Nf3 c5 7. dxc5 Qxd1+ 8. Nxd1 e6 9. Bd3 Bxc5 10. Be3 Nbd7 11. O-O b6 12. Be2 Bb7 13. Bxc5 Nxc5 14. Nc3 Ke7 15. Rfd1 Rhd8 16. Rxd8 Rxd8 17. Rd1 Rxd1+ 18. Bxd1 Nd5 19. Nxd5+ Bxd5 20. b3 Ne4 21. Be2 b5 22. Kf1 Nc3 23. Ke1 Nxa2 24. Kd2 f6 25. Ne1 Nb4 26. c3 Nc6 27. b4 g5 28. f3 Ne5 29. Ke3 Nd7 30. f4 h6 31. g3 Kd6 32. h4 gxh4 33. gxh4 Nb6 34. Kd4 Bc4 35. Bf3 Nd5 36. Bxd5 e5+ 37. fxe5+ fxe5+ 38. Ke4 Bxd5+ 39. Ke3 Bc4 40. Ke4 Ke6 41. Nc2 Bd5+ 42. Kd3 Ba2 43. Ne3 Bb1+ 44. Ke2 Kf6 45. Ng4+ Kg6 46. Nxe5+ Kh5 47. Ke3 Kxh4 48. Kf3 Ba2 49. Kg2 Bd5+ 50. Kh2 h5 51. Nd3 Bb7 52. Nb2 Bd5 53. Nd3 Be6 54. Nc5 Bc8 55. Nd3 Kg4 56. c4 Kf5 57. cxb5 axb5 58. Kg3 Ke4 59. Nc5+ Kd4 60. Kh4 Bg4 61. Na6 Kc4 62. Kg5 1/2-1/2

[Event "Wch-Senior 65+"]
[Site "Bucharest ROM"]
[Date "2019.11.19"]
[Round "7.42"]
[White "Piasetski, Leon"]
[Black "Olesen, Poul Erik Norgaard"]
[Result "1-0"]
[WhiteElo "2246"]
[BlackElo "1978"]
[PlyCount "63"]
[GameId "2130307600922502"]
[EventDate "2019.11.12"]
[EventType "swiss"]
[EventRounds "11"]
[EventCountry "ROU"]
[SourceTitle "10 Days #598"]
[Source "ChessMix"]
[SourceDate "2019.12.01"]
[SourceVersion "1"]
[SourceVersionDate "2019.12.01"]
[SourceQuality "1"]

1. Nf3 Nf6 2. c4 g6 3. Nc3 Bg7 4. e4 d6 5. d4 O-O 6. Be3 Nbd7 7. Be2 e5 8. d5 c5 9. Nd2 a6 10. g4 Ne8 11. h4 f5 12. gxf5 gxf5 13. exf5 Rxf5 14. Qc2 Rf8 15. O-O-O Kh8 16. Nde4 Ndf6 17. Ng5 Qe7 18. Rdg1 Bd7 19. Bg4 b5 20. Bxd7 Qxd7 21. Ne6 Rg8 22. Qf5 bxc4 23. h5 Ra7 24. h6 Bf8 25. Rxg8+ Kxg8 26. Qg5+ Kf7 27. Rg1 e4 28. Nxe4 Qe7 29. Qf5 Rb7 30. N4g5+ Kg8 31. Nxh7+ Kh8 32. Nhxf8 1-0

[Event "Wch-Senior 65+"]
[Site "Bucharest ROM"]
[Date "2019.11.20"]
[Round "8.28"]
[White "Bowmer, Kevin"]
[Black "Piasetski, Leon"]
[Result "1-0"]
[WhiteElo "2084"]
[BlackElo "2246"]
[PlyCount "70"]
[GameId "2129404753467842"]
[EventDate "2019.11.12"]
[EventType "swiss"]
[EventRounds "11"]
[EventCountry "ROU"]
[SourceTitle "10 Days #598"]
[Source "ChessMix"]
[SourceDate "2019.12.01"]
[SourceVersion "1"]
[SourceVersionDate "2019.12.01"]
[SourceQuality "1"]

1. e4 c6 2. d4 d5 3. Nd2 dxe4 4. Nxe4 Nd7 5. Bd3 Ngf6 6. Nxf6+ Nxf6 7. c3 Qd5 8. Nf3 Bg4 9. Be2 e6 10. h3 Bh5 11. O-O Bd6 12. Re1 Rd8 13. Qa4 Bb8 14. Be3 O-O 15. c4 Qd6 16. g3 Bxf3 17. Bxf3 a6 18. Qc2 Qe7 19. Rad1 Rfe8 20. Kg2 h6 21. Qc3 Rd7 22. b4 Red8 23. a4 Ba7 24. Qb2 Ne8 25. b5 Nd6 26. Qa2 Nf5 27. bxc6 bxc6 28. Bxc6 Rd6 29. d5 Bxe3 30. fxe3 exd5 31. Bxd5 Qg5 32. Qf2 Rg6 33. Bxf7+ Kxf7 34. Rxd8 Qxd8 35. Qxf5+ Rf6 {INDESCIFRABIL} 1-0

[Event "Riga Tech op-A"]
[Site "Riga LAT"]
[Date "2019.08.05"]
[Round "1.5"]
[White "Bauer, Christian"]
[Black "Piasetski, Leon"]
[Result "1-0"]
[WhiteElo "2626"]
[BlackElo "2229"]
[PlyCount "69"]
[GameId "2130307605221161"]
[EventDate "2019.08.05"]
[EventType "swiss"]
[EventRounds "9"]
[EventCountry "LAT"]
[SourceTitle "10 Days #588"]
[Source "ChessMix"]
[SourceDate "2019.08.20"]
[SourceVersion "1"]
[SourceVersionDate "2019.08.20"]
[SourceQuality "1"]

1. e4 g6 2. d4 Bg7 3. Nc3 d6 4. Be3 c6 5. Qd2 b5 6. Bd3 Nd7 7. Nf3 Qc7 8. Ne2 Ngf6 9. h3 Bb7 10. Ng3 e5 11. c3 d5 12. dxe5 Nxe5 13. Nxe5 Qxe5 14. f4 Qe7 15. e5 Nd7 16. O-O O-O 17. Rae1 Rae8 18. b4 a6 19. Bd4 Qh4 20. Re3 Bh6 21. Qf2 Bc8 22. Kh2 Bg7 23. Qf3 Kh8 24. Rfe1 Kg8 25. Qg4 Qxg4 26. hxg4 Bh6 27. g5 Bg7 28. f5 gxf5 29. Nh5 Re6 30. Bxf5 Rfe8 31. Bxe6 fxe6 32. Nf6+ Bxf6 33. gxf6 Nf8 34. Rf1 Kf7 35. Rh3 1-0

[Event "Bay Area op"]
[Site "Burlingame USA"]
[Date "2019.01.02"]
[Round "2.28"]
[White "Piasetski, Leon"]
[Black "Korley, Kassa"]
[Result "1/2-1/2"]
[WhiteElo "2242"]
[BlackElo "2450"]
[PlyCount "60"]
[GameId "2130307612673007"]
[EventDate "2019.01.01"]
[EventType "swiss"]
[EventRounds "9"]
[EventCountry "USA"]
[SourceTitle "10 Days #566"]
[Source "ChessMix"]
[SourceDate "2019.01.10"]
[SourceVersion "1"]
[SourceVersionDate "2019.01.10"]
[SourceQuality "1"]

1. c4 e6 2. Nc3 d5 3. d4 Nf6 4. Bg5 c6 5. e3 Nbd7 6. a3 Be7 7. Nf3 h6 8. Bh4 Ne4 9. Bxe7 Qxe7 10. Nxe4 dxe4 11. Nd2 Nf6 12. Qc2 e5 13. Nxe4 exd4 14. Nxf6+ gxf6 15. O-O-O dxe3 16. Re1 Be6 17. Rxe3 O-O-O 18. Be2 Qc5 19. Qc3 Rd4 20. b4 Qd6 21. c5 Qd5 22. Bf3 Qd7 23. Rd1 Rxd1+ 24. Bxd1 Rd8 25. Bc2 Bf5 26. Re2 Bxc2 27. Rxc2 Qf5 28. Rd2 Rxd2 29. Qxd2 h5 30. Qd6 Qxf2 1/2-1/2

[Event "Bay Area op"]
[Site "Burlingame USA"]
[Date "2019.01.03"]
[Round "3.27"]
[White "Balakrishnan, Praveen"]
[Black "Piasetski, Leon"]
[Result "1-0"]
[WhiteElo "2418"]
[BlackElo "2242"]
[PlyCount "97"]
[GameId "2130307612677150"]
[EventDate "2019.01.01"]
[EventType "swiss"]
[EventRounds "9"]
[EventCountry "USA"]
[SourceTitle "10 Days #566"]
[Source "ChessMix"]
[SourceDate "2019.01.10"]
[SourceVersion "1"]
[SourceVersionDate "2019.01.10"]
[SourceQuality "1"]

1. d4 Nf6 2. c4 e6 3. Nf3 b6 4. a3 Bb7 5. Bf4 d5 6. cxd5 Nxd5 7. Bg3 Nd7 8. Qc2 Rc8 9. e4 N5f6 10. Nc3 Nh5 11. d5 Nxg3 12. hxg3 e5 13. Bb5 Bd6 14. Bc6 Bxc6 15. dxc6 Nc5 16. Rd1 Qf6 17. b4 Ne6 18. Nb5 a6 19. Rxd6 axb5 20. Rd5 O-O 21. Nxe5 Rfd8 22. f4 Rd6 23. Qd3 Nd8 24. Kf2 g5 25. Rh5 gxf4 26. Rf5 fxg3+ 27. Qxg3+ Qg7 28. Rg5 Rg6 29. Nxg6 hxg6 30. Qe5 Qxe5 31. Rgxe5 Nxc6 32. Rg5 Ra8 33. Rg3 Nd8 34. Rxb5 Ne6 35. Rd5 Kf8 36. Rc3 Ke7 37. Rd1 c5 38. Ke3 Ra4 39. bxc5 bxc5 40. Rd5 f6 41. Rb3 Ng5 42. Rxc5 Rxe4+ 43. Kd3 Rg4 44. Rc2 Ne6 45. Re2 Kd7 46. Kd2 Nd4 47. Rb4 Kd6 48. Kd3 Kd5 49. Re3 1-0

[Event "Bay Area op"]
[Site "Burlingame USA"]
[Date "2019.01.05"]
[Round "6.35"]
[White "Piasetski, Leon"]
[Black "Marek, Matyas"]
[Result "1/2-1/2"]
[WhiteElo "2242"]
[BlackElo "2358"]
[PlyCount "83"]
[GameId "2130307612681388"]
[EventDate "2019.01.01"]
[EventType "swiss"]
[EventRounds "9"]
[EventCountry "USA"]
[SourceTitle "10 Days #566"]
[Source "ChessMix"]
[SourceDate "2019.01.10"]
[SourceVersion "1"]
[SourceVersionDate "2019.01.10"]
[SourceQuality "1"]

1. Nf3 Nf6 2. c4 e6 3. g3 a6 4. Bg2 b5 5. Na3 d5 6. cxb5 axb5 7. Nxb5 Ba6 8. Nc3 c5 9. d4 Nbd7 10. O-O cxd4 11. Nxd4 Bc5 12. Nc2 Rc8 13. Be3 Bxe3 14. Nxe3 Qb6 15. Na4 Qb5 16. Re1 O-O 17. Rb1 Rfd8 18. Nc3 Qb6 19. Nc2 Nc5 20. Qd4 Qc7 21. f4 Nce4 22. Nb4 Qa5 23. Nxa6 Qxa6 24. Bxe4 dxe4 25. Qe3 Ng4 26. Qxe4 Qb6+ 27. e3 Rd2 28. Re2 f5 29. Qf3 Rxe2 30. Nxe2 Nxe3 31. Qf2 Rc2 32. Rc1 Rxc1+ 33. Nxc1 Qd4 34. Qe2 Ng4+ 35. Kf1 Qd5 36. Ke1 e5 37. h3 Qh1+ 38. Kd2 Qxh3 39. Qc4+ Kf8 40. Qc8+ Ke7 41. Qc7+ Ke8 42. Qc8+ 1/2-1/2

[Event "Bay Area op"]
[Site "Burlingame USA"]
[Date "2019.01.05"]
[Round "7.32"]
[White "Kavutskiy, Konstantin"]
[Black "Piasetski, Leon"]
[Result "1-0"]
[WhiteElo "2424"]
[BlackElo "2242"]
[PlyCount "111"]
[GameId "2130307612685522"]
[EventDate "2019.01.01"]
[EventType "swiss"]
[EventRounds "9"]
[EventCountry "USA"]
[SourceTitle "10 Days #566"]
[Source "ChessMix"]
[SourceDate "2019.01.10"]
[SourceVersion "1"]
[SourceVersionDate "2019.01.10"]
[SourceQuality "1"]

1. d4 Nf6 2. c4 e6 3. Nf3 b6 4. g3 Ba6 5. b3 Bb4+ 6. Bd2 Be7 7. Nc3 d5 8. cxd5 exd5 9. Bg2 O-O 10. O-O Bb7 11. Qc2 Na6 12. Rfd1 Qc8 13. Bf4 c5 14. Qb2 h6 15. Rac1 Qe6 16. h4 Ne4 17. e3 f6 18. dxc5 bxc5 19. Nxe4 dxe4 20. Bf1 Kh7 21. Bc4 Qf5 22. Ne1 Rad8 23. Qa3 Qc8 24. h5 Nb4 25. Qxa7 Qc6 26. Qa4 Qb6 27. Rd7 Bc6 28. Qa7 Qxa7 29. Rxa7 Rd7 30. Rxd7 Bxd7 31. a3 Nc6 32. Bd5 f5 33. f3 Ra8 34. a4 Rd8 35. fxe4 Nb4 36. Bb7 fxe4 37. Bxe4+ Kg8 38. Nd3 Nxd3 39. Bxd3 Bc6 40. Rc3 Kf8 41. Kf2 Be8 42. Bg6 Bxg6 43. hxg6 Ra8 44. Kf3 Ke8 45. Be5 Bf8 46. Ke4 Ra6 47. Kf5 Kd7 48. Rd3+ Ke8 49. e4 Ke7 50. g4 Ke8 51. Rh3 Rb6 52. g5 hxg5 53. a5 Ra6 54. Bc3 Bd6 55. Rh8+ Ke7 56. Rh7 1-0

[Event "Pan-Am-ch Seniors"]
[Site "St Croix ISV"]
[Date "2018.12.08"]
[Round "2.3"]
[White "Piasetski, Leon"]
[Black "Sosa, Nestor"]
[Result "1/2-1/2"]
[WhiteElo "2242"]
[BlackElo "2078"]
[PlyCount "53"]
[GameId "2130307613644610"]
[EventDate "2018.12.08"]
[EventType "swiss"]
[EventRounds "9"]
[EventCountry "ISV"]
[SourceTitle "10 Days #564"]
[Source "ChessMix"]
[SourceDate "2018.12.20"]
[SourceVersion "1"]
[SourceVersionDate "2018.12.20"]
[SourceQuality "1"]

1. Nf3 d5 2. g3 c6 3. Bg2 Bg4 4. c4 e6 5. Qb3 Qb6 6. O-O Nf6 7. d3 Nbd7 8. Be3 Bc5 9. Bxc5 Nxc5 10. Qc2 O-O 11. Nbd2 a5 12. h3 Bh5 13. g4 Bg6 14. Nh4 Rad8 15. Kh1 e5 16. cxd5 cxd5 17. Rac1 Ne6 18. Nxg6 hxg6 19. e3 Rfe8 20. Qb3 Qa6 21. a4 Rc8 22. Bxd5 Nxd5 23. Qxd5 Rcd8 24. Qc4 Rxd3 25. Qxa6 bxa6 26. Nc4 Nc5 27. Kg2 1/2-1/2

[Event "Pan-Am-ch Seniors"]
[Site "St Croix ISV"]
[Date "2018.12.09"]
[Round "3.3"]
[White "Molina, Jorge"]
[Black "Piasetski, Leon"]
[Result "0-1"]
[WhiteElo "1968"]
[BlackElo "2242"]
[PlyCount "50"]
[GameId "2130307613644616"]
[EventDate "2018.12.08"]
[EventType "swiss"]
[EventRounds "9"]
[EventCountry "ISV"]
[SourceTitle "10 Days #564"]
[Source "ChessMix"]
[SourceDate "2018.12.20"]
[SourceVersion "1"]
[SourceVersionDate "2018.12.20"]
[SourceQuality "1"]

1. Nf3 Nf6 2. c4 e6 3. g3 a6 4. Bg2 b5 5. b3 c5 6. O-O Bb7 7. d3 Be7 8. Bb2 O-O 9. Nbd2 Qb6 10. e4 d6 11. Re1 Nc6 12. a3 Nd7 13. Rb1 b4 14. a4 Bf6 15. Nf1 Bxb2 16. Rxb2 Nde5 17. h3 Nxf3+ 18. Bxf3 Nd4 19. Nh2 d5 20. exd5 Nxf3+ 21. Nxf3 exd5 22. Ne5 Rad8 23. Qg4 dxc4 24. Nxc4 Qc6 25. Qe4 Rde8 0-1

[Event "Pan-Am-ch Seniors"]
[Site "St Croix ISV"]
[Date "2018.12.09"]
[Round "4.1"]
[White "Piasetski, Leon"]
[Black "Roselli Mailhe, Bernardo"]
[Result "0-1"]
[WhiteElo "2242"]
[BlackElo "2430"]
[PlyCount "62"]
[GameId "2130307613648716"]
[EventDate "2018.12.08"]
[EventType "swiss"]
[EventRounds "9"]
[EventCountry "ISV"]
[SourceTitle "10 Days #564"]
[Source "ChessMix"]
[SourceDate "2018.12.20"]
[SourceVersion "1"]
[SourceVersionDate "2018.12.20"]
[SourceQuality "1"]

1. Nf3 Nf6 2. c4 g6 3. g3 Bg7 4. Bg2 O-O 5. O-O d6 6. d4 Nc6 7. Nc3 a6 8. Qd3 Bf5 9. e4 Bg4 10. Be3 Nd7 11. Qd2 Bxf3 12. Bxf3 e5 13. d5 Nd4 14. Bg2 c5 15. dxc6 bxc6 16. Bxd4 exd4 17. Ne2 c5 18. Nc1 a5 19. Nd3 Ne5 20. b3 a4 21. Nxe5 dxe5 22. b4 cxb4 23. Qxb4 Qc7 24. c5 Ra5 25. Rab1 Qxc5 26. Rfc1 Qxb4 27. Rxb4 Bh6 28. Rcb1 d3 29. Rd1 d2 30. f4 exf4 31. Rxd2 f3 0-1

[Event "Pan-Am-ch Seniors"]
[Site "St Croix ISV"]
[Date "2018.12.11"]
[Round "5.2"]
[White "Mussanti, Diego"]
[Black "Piasetski, Leon"]
[Result "1-0"]
[WhiteElo "2352"]
[BlackElo "2242"]
[PlyCount "129"]
[GameId "2130307613648722"]
[EventDate "2018.12.08"]
[EventType "swiss"]
[EventRounds "9"]
[EventCountry "ISV"]
[SourceTitle "10 Days #564"]
[Source "ChessMix"]
[SourceDate "2018.12.20"]
[SourceVersion "1"]
[SourceVersionDate "2018.12.20"]
[SourceQuality "1"]

1. e4 g6 2. d4 Bg7 3. Nc3 d6 4. f4 Nf6 5. Nf3 O-O 6. Be2 c5 7. dxc5 Qa5 8. O-O Qxc5+ 9. Kh1 Bg4 10. h3 Bxf3 11. Bxf3 Nc6 12. Nd5 Nd7 13. Be3 Qa5 14. Bd2 Qd8 15. Bc3 e6 16. Bxg7 Kxg7 17. Ne3 Nb6 18. b3 Qh4 19. Qd2 Kg8 20. f5 Rad8 21. Ng4 Ne5 22. Qf4 Nxg4 23. Bxg4 e5 24. Qe3 f6 25. fxg6 hxg6 26. Rad1 Kg7 27. c4 Qh6 28. Qf2 Qg5 29. Rd3 Kf7 30. Rfd1 Qf4 31. Qxf4 exf4 32. Rxd6 Rxd6 33. Rxd6 Ke7 34. c5 f5 35. exf5 gxf5 36. Bf3 Nd7 37. b4 a5 38. bxa5 Nxc5 39. Rd5 Ne4 40. Rb5 Nd6 41. Rc5 Kf6 42. a6 bxa6 43. Rc6 Ke5 44. Rxa6 Ne4 45. Rc6 Rb8 46. Rc1 Rb2 47. Ra1 Nd2 48. a4 Nb3 49. Re1+ Kf6 50. Bd5 Nc5 51. Ra1 Rd2 52. Bf3 Nb3 53. Rd1 Rb2 54. h4 Nd2 55. Bc6 Ne4 56. Ra1 Rc2 57. Bxe4 fxe4 58. a5 Rc7 59. a6 Ra7 60. Ra5 f3 61. gxf3 exf3 62. Kg1 Kg7 63. Kf2 Kh7 64. Kxf3 Kg7 65. Ke4 1-0

[Event "Pan-Am-ch Seniors"]
[Site "St Croix ISV"]
[Date "2018.12.12"]
[Round "7.2"]
[White "Piasetski, Leon"]
[Black "Pelikian, Jefferson"]
[Result "0-1"]
[WhiteElo "2242"]
[BlackElo "2359"]
[PlyCount "81"]
[GameId "2130307613648731"]
[EventDate "2018.12.08"]
[EventType "swiss"]
[EventRounds "9"]
[EventCountry "ISV"]
[SourceTitle "10 Days #564"]
[Source "ChessMix"]
[SourceDate "2018.12.20"]
[SourceVersion "1"]
[SourceVersionDate "2018.12.20"]
[SourceQuality "1"]

1. Nf3 Nf6 2. b3 d5 3. Bb2 Bg4 4. e3 Nbd7 5. h3 Bxf3 6. Qxf3 e6 7. g3 c6 8. Bg2 Bd6 9. O-O a5 10. a4 Qe7 11. d3 Be5 12. d4 Bd6 13. Nd2 O-O 14. e4 dxe4 15. Nxe4 Nxe4 16. Qxe4 Nf6 17. Qe2 Rfe8 18. Rad1 Rad8 19. Rd3 Qc7 20. Rfd1 Nd5 21. Qf3 Be7 22. h4 Rd7 23. Qe2 Bf6 24. c3 Qb6 25. Qc2 Rc8 26. Be4 h6 27. R1d2 Rcd8 28. Qd1 Qc7 29. Kg2 b5 30. Bxd5 Rxd5 31. Ba3 Qb7 32. Bc5 Qa6 33. Qc2 bxa4 34. c4 axb3 35. Rxb3 R5d7 36. Rb6 Qa8 37. Qe4 Rc8 38. Ra2 Bxd4 39. Bxd4 Rxd4 40. Qe5 c5+ 41. Kh2 0-1

[Event "Figueira da Foz op"]
[Site "Figueira da Foz POR"]
[Date "2018.10.29"]
[Round "2.12"]
[White "Correia, Pedro Mourao Soares"]
[Black "Piasetski, Leon"]
[Result "0-1"]
[WhiteElo "1518"]
[BlackElo "2252"]
[PlyCount "92"]
[GameId "2130307614571619"]
[EventDate "2018.10.28"]
[EventType "swiss"]
[EventRounds "9"]
[EventCountry "POR"]
[SourceTitle "10 Days #560"]
[Source "ChessMix"]
[SourceDate "2018.11.10"]
[SourceVersion "1"]
[SourceVersionDate "2018.11.10"]
[SourceQuality "1"]

1. e4 Nf6 2. Nc3 d5 3. exd5 Nxd5 4. Nxd5 Qxd5 5. Qf3 Qe5+ 6. Qe3 Qd6 7. Nf3 c5 8. Bb5+ Bd7 9. Bxd7+ Nxd7 10. O-O g6 11. c3 Bg7 12. d4 cxd4 13. Nxd4 O-O 14. Ne2 a6 15. Qh3 Nc5 16. Be3 Rad8 17. Bh6 Bxh6 18. Qxh6 Qd2 19. Qe3 Qxe3 20. fxe3 Rd2 21. Nf4 Rfd8 22. b3 e5 23. Nh3 Ne4 24. c4 Rb2 25. Rab1 Rdd2 26. Rxb2 Rxb2 27. Re1 Rxa2 28. Kf1 Nd2+ 29. Kf2 Nxc4+ 30. Kf3 Nd2+ 31. Kg3 a5 32. Ng5 h6 33. Nf3 Ne4+ 34. Kh4 g5+ 35. Nxg5 hxg5+ 36. Kh5 Kg7 37. Rg1 Rd2 38. h4 gxh4 39. Kxh4 f5 40. Kh3 Kf6 41. Rc1 Re2 42. Kh2 Rxe3 43. Rc8 Rc3 44. Rf8+ Kg5 45. Re8 Nf6 46. Rxe5 Ng4+ 0-1

[Event "Figueira da Foz op"]
[Site "Figueira da Foz POR"]
[Date "2018.10.30"]
[Round "3.5"]
[White "Piasetski, Leon"]
[Black "Jakubowski, Krzysztof"]
[Result "0-1"]
[WhiteElo "2252"]
[BlackElo "2511"]
[PlyCount "92"]
[GameId "2130307614571634"]
[EventDate "2018.10.28"]
[EventType "swiss"]
[EventRounds "9"]
[EventCountry "POR"]
[SourceTitle "10 Days #560"]
[Source "ChessMix"]
[SourceDate "2018.11.10"]
[SourceVersion "1"]
[SourceVersionDate "2018.11.10"]
[SourceQuality "1"]

1. Nf3 b6 2. g3 Bb7 3. Bg2 c5 4. O-O Nf6 5. c4 g6 6. d4 cxd4 7. Qxd4 Bg7 8. Nc3 O-O 9. Qh4 Re8 10. Bh6 Bh8 11. Rfd1 d6 12. Rac1 Nbd7 13. Ne1 Qb8 14. Bxb7 Qxb7 15. Ng2 a6 16. a4 Nc5 17. Ne3 Qd7 18. Ned5 Rab8 19. Bg5 Nxd5 20. cxd5 Bxc3 21. Rxc3 f6 22. Bc1 Qxa4 23. Rd4 Qb5 24. Re3 a5 25. g4 Rb7 26. Rh3 e5 27. dxe6 Rxe6 28. Re3 Qc6 29. Bd2 Rbe7 30. Rxe6 Rxe6 31. Be3 Ne4 32. Rd1 Qb5 33. Rc1 Nc5 34. g5 Qxe2 35. gxf6 h5 36. Qg5 Qg4+ 37. Qxg4 hxg4 38. Bd4 Kf7 39. Rd1 Re2 40. Be3 Rxb2 41. Rxd6 Ne6 42. Rxb6 Rxb6 43. Bxb6 a4 44. Ba5 Kxf6 45. Bb4 Kf5 46. Kg2 Nd4 0-1

[Event "Figueira da Foz op"]
[Site "Figueira da Foz POR"]
[Date "2018.10.31"]
[Round "4.13"]
[White "Silva, Pedro Gil Ferreira"]
[Black "Piasetski, Leon"]
[Result "0-1"]
[WhiteElo "1837"]
[BlackElo "2252"]
[PlyCount "94"]
[GameId "2130307614575760"]
[EventDate "2018.10.28"]
[EventType "swiss"]
[EventRounds "9"]
[EventCountry "POR"]
[SourceTitle "10 Days #560"]
[Source "ChessMix"]
[SourceDate "2018.11.10"]
[SourceVersion "1"]
[SourceVersionDate "2018.11.10"]
[SourceQuality "1"]

1. e4 c5 2. Nf3 e6 3. d4 cxd4 4. Nxd4 a6 5. Nc3 b5 6. Bd3 Qb6 7. Nf3 d6 8. a4 b4 9. Na2 Nf6 10. O-O Bb7 11. Re1 Nbd7 12. Be3 Qc7 13. Bg5 d5 14. exd5 Bxd5 15. c3 b3 16. Nc1 Nc5 17. Bh4 Qb7 18. Bb1 Rd8 19. Qe2 Bxf3 20. gxf3 Qd7 21. Ra3 Qd2 22. Qxd2 Rxd2 23. Nxb3 Rxb2 24. Nxc5 Bxc5 25. Ra2 Rb3 26. Bxf6 gxf6 27. Rc1 Ba3 28. Rd1 Rxc3 29. Bd3 a5 30. Bb5+ Kf8 31. Rd8+ Kg7 32. Rxh8 Kxh8 33. Kg2 Kg7 34. Rd2 Bc5 35. h3 f5 36. Re2 Kf6 37. Rd2 Kg5 38. Be8 f6 39. Bd7 e5 40. h4+ Kf4 41. Be6 Rxf3 42. Rc2 Bd4 43. Bd5 e4 44. Rd2 Ke5 45. Bc6 Rc3 46. Bb5 f4 47. Re2 f3+ 0-1